000 00457nam a2200157Ia 4500
008 240729s9999 xx 000 0 und d
022 _a2476-3918
245 0 _aHospital Practices and Research
260 _aIran, Islamic Republic of
260 _bBaqiyatallah University of Medical Sciences
650 _a Internal medicine
650 _aMedicine
856 _uhttps://doaj.org/toc/1d3fa67d8cea4912a43e7d810d4c5feb
942 _2ddc
942 _cDOAJEJ
999 _c65880
_d65880
945 _a1
_bMadushi Gamage
_c1
_dMadushi Gamage